[Event "GER-ch Seniors 23rd"]
[Site "Halle"]
[Date "2011.08.13"]
[Round "9"]
[White "Oldigs, Adolf"]
[Black "Scholz, Jutta"]
[Result "1/2-1/2"]
[WhiteElo "1656"]
[BlackElo "1515"]
[PlyCount "36"]
[EventDate "2011.08.05"]
[EventType "swiss"]
[EventRounds "9"]
[EventCountry "GER"]
[SourceTitle "CBM 144 Extra"]
[Source "ChessBase"]
[SourceDate "2011.10.28"]
[SourceVersion "1"]
[SourceVersionDate "2011.10.28"]
[SourceQuality "1"]

1. Nf3 d6 2. d4 Nf6 3. Nc3 c6 4. e4 g6 5. Be2 Bg7 6. 0-0 0-0 7. Be3 a6 8. Rb1 Qc7 9. d5 c5 10. Nd2 b5 11. a3 Nbd7 12. f4 Nb6 13. h3 e6 14. Bf3 Bd7 15. dxe6 Bxe6 16. e5 Nfd5 17. Nxd5 Nxd5 18. exd6 Qc8 1/2-1/2

[Event "GER-ch Seniors 23rd"]
[Site "Halle"]
[Date "2011.08.09"]
[Round "5"]
[White "Botwinovskyy, Borys"]
[Black "Oldigs, Adolf"]
[Result "1/2-1/2"]
[WhiteElo "1847"]
[BlackElo "1656"]
[PlyCount "32"]
[EventDate "2011.08.05"]
[EventType "swiss"]
[EventRounds "9"]
[EventCountry "GER"]
[SourceTitle "CBM 144 Extra"]
[Source "ChessBase"]
[SourceDate "2011.10.28"]
[SourceVersion "1"]
[SourceVersionDate "2011.10.28"]
[SourceQuality "1"]

1. c4 Nf6 2. Nc3 c6 3. e4 e5 4. Nf3 d6 5. d4 exd4 6. Nxd4 Be7 7. Be2 0-0 8. 0-0 Nbd7 9. Be3 Re8 10. Nf5 Nf8 11. Nxe7+ Qxe7 12. Bf3 Be6 13. b3 N6d7 14. h3 Nc5 15. Be2 b6 16. Bf4 Red8 1/2-1/2

[Event "GER-ch Seniors 23rd"]
[Site "Halle"]
[Date "2011.08.05"]
[Round "1"]
[White "Mann, Klaus Dieter"]
[Black "Oldigs, Adolf"]
[Result "1-0"]
[WhiteElo "2112"]
[BlackElo "1656"]
[PlyCount "110"]
[EventDate "2011.08.05"]
[EventType "swiss"]
[EventRounds "9"]
[EventCountry "GER"]
[SourceTitle "CBM 144 Extra"]
[Source "ChessBase"]
[SourceDate "2011.10.28"]
[SourceVersion "1"]
[SourceVersionDate "2011.10.28"]
[SourceQuality "1"]

1. e4 c5 2. Nf3 d6 3. d4 cxd4 4. Nxd4 a6 5. c4 Nf6 6. Nc3 e6 7. Be2 Be7 8. 0-0 0-0 9. Be3 e5 10. Nc2 Bd7 11. f3 Nc6 12. Qd2 Be6 13. b3 Nd7 14. Nd5 Bxd5 15. Qxd5 Nf6 16. Qd2 Qc7 17. Rfd1 Rfd8 18. a4 b6 19. Bf2 a5 20. Na3 Na7 21. Rac1 Nd7 22. Nb5 Nxb5 23. cxb5 Nc5 24. Bc4 h6 25. Be3 Bf8 26. Bd5 Rab8 27. Rf1 Qe7 28. f4 Kh7 29. fxe5 f6 30. exf6 gxf6 31. Bd4 Bg7 32. Qf4 Nd3 33. Qf5+ Kh8 34. Rc6 Nb4 35. Rxb6 Rxb6 36. Bxb6 Re8 37. Bd4 Nxd5 38. exd5 Rf8 39. Qe6 Qd8 40. Re1 Qc7 41. b6 Qc2 42. Qe3 Rb8 43. Rc1 Qf5 44. Qf3 Qg5 45. Rc2 Qg6 46. Rf2 Qb1+ 47. Rf1 Qg6 48. h3 Rb7 49. Rc1 Qf7 50. Rc8+ Kh7 51. Qf5+ Qg6 52. Qxg6+ Kxg6 53. Rc7 Rb8 54. b7 f5 55. Rxg7+ Kh5 1-0

[Event "GER-ch Seniors 22nd"]
[Site "Berlin"]
[Date "2010.08.20"]
[Round "5"]
[White "Mohr, Horst"]
[Black "Oldigs, Adolf"]
[Result "1/2-1/2"]
[WhiteElo "1616"]
[BlackElo "1395"]
[PlyCount "44"]
[EventDate "2010.08.16"]
[EventType "swiss"]
[EventRounds "9"]
[EventCountry "GER"]
[SourceTitle "CBM 138 Extra"]
[Source "ChessBase"]
[SourceDate "2010.10.29"]
[SourceVersion "1"]
[SourceVersionDate "2010.10.29"]
[SourceQuality "1"]

1. d4 d5 2. Nf3 Nf6 3. e3 e6 4. Bd3 Nbd7 5. 0-0 Be7 6. Nbd2 b6 7. Ne5 Nxe5 8. dxe5 Nd7 9. f4 Nc5 10. Qg4 g6 11. a3 Nxd3 12. cxd3 Ba6 13. Qe2 0-0 14. Rd1 Qc8 15. Nf3 c5 16. Qc2 Qb7 17. Kh1 b5 18. b3 Rac8 19. Qa2 Qd7 20. Bb2 Bb7 21. Rac1 a5 22. d4 c4 1/2-1/2

[Event "GER-ch Seniors 22nd"]
[Site "Berlin"]
[Date "2010.08.19"]
[Round "4"]
[White "Oldigs, Adolf"]
[Black "Vatterodt, Klaus"]
[Result "1-0"]
[WhiteElo "1395"]
[BlackElo "1136"]
[PlyCount "45"]
[EventDate "2010.08.16"]
[EventType "swiss"]
[EventRounds "9"]
[EventCountry "GER"]
[SourceTitle "CBM 138 Extra"]
[Source "ChessBase"]
[SourceDate "2010.10.29"]
[SourceVersion "1"]
[SourceVersionDate "2010.10.29"]
[SourceQuality "1"]

1. d4 d5 2. Nf3 Nf6 3. c3 Nbd7 4. Bf4 c6 5. Nbd2 e6 6. Qc2 h6 7. h4 Nh5 8. Be5 Nxe5 9. Nxe5 Qf6 10. e3 Bd6 11. Ndf3 Qf5 12. Bd3 Qf6 13. g4 Bxe5 14. Nxe5 Nf4 15. exf4 Qxf4 16. Rh3 Bd7 17. Rf3 Qh2 18. 0-0-0 Qxh4 19. Rxf7 Qg5+ 20. f4 Qh4 21. Rxd7 Qf6 22. Bg6+ Kf8 23. Rf7+ 1-0

[Event "Schleswig Holstein-ch Seniors 64th"]
[Site "Altenholz"]
[Date "2009.04.10"]
[Round "9"]
[White "Oldigs, Adolf"]
[Black "Schumacher, Horst"]
[Result "1/2-1/2"]
[WhiteElo "1670"]
[BlackElo "1875"]
[PlyCount "114"]
[EventDate "2009.04.04"]
[EventType "swiss"]
[EventRounds "9"]
[EventCountry "GER"]
[SourceTitle "CBM 129 Extra"]
[Source "ChessBase"]
[SourceDate "2009.05.05"]
[SourceVersion "2"]
[SourceVersionDate "2009.05.20"]
[SourceQuality "1"]

1. Nf3 Nf6 2. d4 d5 3. Bf4 c6 4. Nbd2 g6 5. e3 Bg7 6. Bd3 Nbd7 7. c3 Nh5 8. Bg3 Nxg3 9. hxg3 e5 10. dxe5 Bxe5 11. Nxe5 Nxe5 12. Be2 Be6 13. 0-0 h5 14. f3 Qd7 15. Kf2 f5 16. Rh1 0-0-0 17. f4 Nf7 18. Nf3 Nd6 19. Bd3 Nf7 20. b3 Qe7 21. Be2 Nd6 22. Ng5 Ne4+ 23. Nxe4 dxe4 24. Qc2 h4 25. Rh3 hxg3+ 26. Rxg3 Qh4 27. Rg1 g5 28. Qc1 gxf4 29. exf4 Rhg8 30. Qe3 Rxg3 31. Qxg3 Qxg3+ 32. Kxg3 Rd2 33. Kf2 Rxa2 34. g4 fxg4 35. Ke3 Rb2 36. Bxg4 Bxg4 37. Rxg4 Rxb3 38. Kxe4 Rxc3 39. Rg7 a5 40. f5 Rc1 41. f6 Re1+ 42. Kf5 b5 43. Kg6 Rf1 44. Rg8+ Kb7 45. f7 b4 46. f8Q Rxf8 47. Rxf8 b3 48. Rf1 Kb6 49. Kf5 c5 50. Ke4 Kb5 51. Kd3 Kb4 52. Rf4+ Ka3 53. Kd2 a4 54. Kc1 c4 55. Rxc4 b2+ 56. Kb1 Kb3 57. Rxa4 Kxa4 1/2-1/2

[Event "Schleswig Holstein-ch Seniors 64th"]
[Site "Altenholz"]
[Date "2009.04.04"]
[Round "1"]
[White "Thielemann, Joachim"]
[Black "Oldigs, Adolf"]
[Result "1-0"]
[WhiteElo "1947"]
[BlackElo "1670"]
[PlyCount "87"]
[EventDate "2009.04.04"]
[EventType "swiss"]
[EventRounds "9"]
[EventCountry "GER"]
[SourceTitle "CBM 129 Extra"]
[Source "ChessBase"]
[SourceDate "2009.05.05"]
[SourceVersion "2"]
[SourceVersionDate "2009.05.20"]
[SourceQuality "1"]

1. e4 c5 2. Nc3 e6 3. g3 Nc6 4. Bg2 d6 5. d3 h6 6. Nge2 e5 7. 0-0 Be6 8. f4 f6 9. Be3 a6 10. a3 Qc7 11. Qe1 0-0-0 12. Qf2 Nd4 13. Rfc1 Ne7 14. f5 Bd7 15. b4 b6 16. Rab1 Bc6 17. a4 Kd7 18. b5 Bb7 19. bxa6 Bxa6 20. Nb5 Bxb5 21. axb5 Ra8 22. c3 Nxe2+ 23. Qxe2 h5 24. d4 c4 25. Rb4 Rc8 26. dxe5 fxe5 27. Qf2 Rb8 28. Bf1 d5 29. exd5 Nxd5 30. Rd1 Bxb4 31. cxb4 Qd6 32. Bxc4 Qxb4 33. Rxd5+ Kc8 34. Qc2 Qe1+ 35. Bf1+ Kb7 36. Rd7+ Ka8 37. Qa2+ Qa5 38. Bg2+ Rb7 39. Bxb7+ Kb8 40. Qxa5 bxa5 41. Bc6 Rf8 42. Ra7 Rxf5 43. Rxa5 Rf6 44. Bb6 1-0

[Event "GER-ch Seniors-B 20th"]
[Site "Erfurt"]
[Date "2008.08.13"]
[Round "9"]
[White "Oldigs, Adolf"]
[Black "Grueneschild, Hildegard"]
[Result "0-1"]
[WhiteElo "1351"]
[BlackElo "1333"]
[PlyCount "93"]
[EventDate "2008.08.05"]
[EventType "swiss"]
[EventRounds "9"]
[EventCountry "GER"]
[SourceTitle "CBM 126 Extra"]
[Source "ChessBase"]
[SourceDate "2008.11.05"]
[SourceVersion "1"]
[SourceVersionDate "2008.11.05"]
[SourceQuality "1"]

1. b3 e5 2. Bb2 d6 3. e4 a6 4. Nc3 Nf6 5. h3 Be6 6. Nf3 Nc6 7. d3 g6 8. Be2 Bg7 9. Rb1 0-0 10. 0-0 Nh5 11. Nd5 Nf6 12. c4 Nd7 13. Bc1 b5 14. a3 Rb8 15. cxb5 axb5 16. Bd2 Nd4 17. Nxd4 exd4 18. Qc1 c5 19. f4 f5 20. Bf3 Rc8 21. g3 fxe4 22. Bxe4 Bxh3 23. Rf2 Bf5 24. Re2 Bg4 25. Rf2 Nf6 26. Nxf6+ Rxf6 27. Bd5+ Be6 28. Bxe6+ Rxe6 29. Qf1 d5 30. Re2 Qd7 31. Rbe1 Rce8 32. Rxe6 Rxe6 33. Rxe6 Qxe6 34. Kg2 Qf5 35. Qf3 h5 36. a4 bxa4 37. bxa4 c4 38. dxc4 dxc4 39. Qa8+ Kh7 40. Be1 Qc2+ 41. Bf2 c3 42. Qa7 Qe2 43. Kg1 Qd1+ 44. Kg2 Qe2 45. Kg1 c2 46. Qc7 Qd1+ 47. Kg2 0-1

[Event "GER-ch Seniors-B 20th"]
[Site "Erfurt"]
[Date "2008.08.06"]
[Round "2"]
[White "Wolter, Guenter"]
[Black "Oldigs, Adolf"]
[Result "1/2-1/2"]
[WhiteElo "1637"]
[BlackElo "1351"]
[PlyCount "52"]
[EventDate "2008.08.05"]
[EventType "swiss"]
[EventRounds "9"]
[EventCountry "GER"]
[SourceTitle "CBM 126 Extra"]
[Source "ChessBase"]
[SourceDate "2008.11.05"]
[SourceVersion "1"]
[SourceVersionDate "2008.11.05"]
[SourceQuality "1"]

1. e4 c5 2. Nc3 Nc6 3. g3 g6 4. Bg2 Bg7 5. d3 Nf6 6. f4 d6 7. Nf3 Bg4 8. 0-0 0-0 9. Ne2 Qd7 10. c3 Bxf3 11. Rxf3 e5 12. f5 d5 13. Qc2 d4 14. c4 Rab8 15. Bh3 Ne7 16. g4 gxf5 17. gxf5 Kh8 18. Ng3 Rg8 19. Kh1 Qd6 20. Bg5 b5 21. b3 b4 22. Raf1 a5 23. Qd2 Ra8 24. Bh6 Ra6 25. Bxg7+ Rxg7 26. Qh6 Neg8 1/2-1/2

[Event "GER-ch Seniors-B 20th"]
[Site "Erfurt"]
[Date "2008.08.05"]
[Round "1"]
[White "Reeh, Axel"]
[Black "Oldigs, Adolf"]
[Result "1-0"]
[WhiteElo "1671"]
[BlackElo "1351"]
[PlyCount "102"]
[EventDate "2008.08.05"]
[EventType "swiss"]
[EventRounds "9"]
[EventCountry "GER"]
[SourceTitle "CBM 126 Extra"]
[Source "ChessBase"]
[SourceDate "2008.11.05"]
[SourceVersion "1"]
[SourceVersionDate "2008.11.05"]
[SourceQuality "1"]

1. d4 d5 2. Nf3 Nf6 3. c4 e6 4. Nc3 c6 5. Bg5 Be7 6. e3 Nbd7 7. Bd3 0-0 8. 0-0 h6 9. Bh4 dxc4 10. Bxc4 Nd5 11. Bg3 Nxc3 12. bxc3 Re8 13. Qe2 a6 14. Rad1 b5 15. Bb3 Qb6 16. Rfe1 a5 17. e4 Ba6 18. Rc1 Ba3 19. Rb1 b4 20. Bc4 Bb5 21. Bd6 Rec8 22. cxb4 axb4 23. Bxb4 Bxb4 24. Rxb4 Bxc4 25. Qxc4 Qa5 26. a4 Nb6 27. Qb3 Rcb8 28. Rb1 Nd7 29. h4 Rxb4 30. Qxb4 Qxa4 31. Qd6 Ra7 32. Rc1 Nf6 33. Qf4 Nh5 34. Qd6 Nf6 35. Qb8+ Kh7 36. Qb1 g6 37. e5 Nh5 38. Qe4 Ra6 39. g4 Ng7 40. h5 Qb5 41. hxg6+ fxg6 42. Nh4 Qb2 43. Qxg6+ Kg8 44. Rb1 Ra1 45. Rxa1 Qxa1+ 46. Kg2 Qxd4 47. Nf3 Qd5 48. Qxh6 c5 49. g5 Nf5 50. g6 Nd4 51. Qh7+ Kf8 1-0

[Event "Schleswig Holstein-ch Seniors 63rd"]
[Site "Gross Groenau"]
[Date "2008.03.19"]
[Round "6"]
[White "Husfeld, Peter"]
[Black "Oldigs, Adolf"]
[Result "1-0"]
[WhiteElo "1661"]
[BlackElo "1413"]
[PlyCount "61"]
[EventDate "2008.03.15"]
[EventType "swiss"]
[EventRounds "9"]
[EventCountry "GER"]
[SourceTitle "EXT 2010"]
[Source "ChessBase"]
[SourceDate "2010.11.25"]
[SourceVersion "1"]
[SourceVersionDate "2010.11.25"]
[SourceQuality "1"]

1. Nf3 Nf6 2. d4 d5 3. Nbd2 e6 4. e3 Nbd7 5. a3 a6 6. Bd3 Bd6 7. c4 c5 8. 0-0 0-0 9. b3 Re8 10. Qc2 Nf8 11. Bb2 cxd4 12. c5 Bb8 13. exd4 Qc7 14. g3 g6 15. Rfe1 N6d7 16. b4 Nf6 17. Ne5 N6d7 18. Ndf3 Nxe5 19. dxe5 Ba7 20. Bd4 Bd7 21. Qe2 Qb8 22. Rec1 Bc6 23. a4 Nd7 24. b5 axb5 25. axb5 Bxc5 26. Rxa8 Qxa8 27. bxc6 bxc6 28. Bxc5 Nxc5 29. Rxc5 Qa1+ 30. Kg2 Ra8 31. Rxc6 1-0

[Event "Schleswig Holstein-ch Seniors 62nd"]
[Site "Itzehoe"]
[Date "2007.04.04"]
[Round "7"]
[White "Von Koenen, Hermann"]
[Black "Oldigs, Adolf"]
[Result "1/2-1/2"]
[WhiteElo "1502"]
[BlackElo "1376"]
[PlyCount "23"]
[EventDate "2007.03.31"]
[EventType "swiss"]
[EventRounds "9"]
[EventCountry "GER"]
[SourceTitle "EXT 2010"]
[Source "ChessBase"]
[SourceDate "2010.11.25"]
[SourceVersion "1"]
[SourceVersionDate "2010.11.25"]
[SourceQuality "1"]

1. e4 c5 2. Nc3 e6 3. Nf3 d6 4. d3 Be7 5. Be3 Bd7 6. d4 cxd4 7. Nxd4 Nf6 8. g3 Nc6 9. Bg2 Nxd4 10. Bxd4 e5 11. Be3 0-0 12. Nd5 1/2-1/2

[Event "Schleswig Holstein-ch Seniors 62nd"]
[Site "Itzehoe"]
[Date "2007.03.31"]
[Round "1"]
[White "Dahms, Peter"]
[Black "Oldigs, Adolf"]
[Result "1-0"]
[WhiteElo "1964"]
[BlackElo "1376"]
[PlyCount "73"]
[EventDate "2007.03.31"]
[EventType "swiss"]
[EventRounds "9"]
[EventCountry "GER"]
[SourceTitle "EXT 2010"]
[Source "ChessBase"]
[SourceDate "2010.11.25"]
[SourceVersion "1"]
[SourceVersionDate "2010.11.25"]
[SourceQuality "1"]

1. Nc3 e6 2. Nf3 Nc6 3. d4 d5 4. e4 dxe4 5. Nxe4 Be7 6. c3 Nf6 7. Ng3 h6 8. Bf4 Bd6 9. Ne5 Bxe5 10. dxe5 Qxd1+ 11. Rxd1 Nd7 12. Bb5 0-0 13. Bxc6 bxc6 14. 0-0 Nb6 15. b3 Nd5 16. Bd2 Bb7 17. Ne4 Nb6 18. c4 a5 19. Nc5 Bc8 20. Be3 a4 21. Rd2 axb3 22. axb3 Ra3 23. Rfd1 Kh7 24. g4 g5 25. Rd3 Ba6 26. Ne4 Nxc4 27. bxc4 Rxd3 28. Rxd3 Bxc4 29. Nf6+ Kg6 30. Rc3 Bb5 31. Ra3 Rd8 32. Ra7 Rd1+ 33. Kg2 Bf1+ 34. Kf3 Bb5 35. Ra8 h5 36. Rg8+ Kh6 37. Bxg5# 1-0

[Event "Schleswig Holstein-ch Seniors 60th"]
[Site "Germany"]
[Date "2005.10.12"]
[Round "4"]
[White "Wesche, Guenther"]
[Black "Oldigs, Adolf"]
[Result "1-0"]
[WhiteElo "1441"]
[BlackElo "1366"]
[PlyCount "89"]
[EventDate "2005.10.10"]
[EventType "swiss"]
[EventRounds "9"]
[EventCountry "GER"]
[SourceTitle "EXT 2010"]
[Source "ChessBase"]
[SourceDate "2010.11.25"]
[SourceVersion "1"]
[SourceVersionDate "2010.11.25"]
[SourceQuality "1"]

1. c4 c5 2. Nc3 Nc6 3. g3 e6 4. Bg2 Nge7 5. d3 d6 6. Bg5 h6 7. Bf4 g5 8. Bd2 Bg7 9. e3 Rb8 10. a3 a6 11. Nge2 Ne5 12. Qc2 Bd7 13. 0-0 0-0 14. Ne4 Bc6 15. Bc3 f5 16. Nd2 Bxg2 17. Kxg2 Qc7 18. h3 b6 19. f4 N5g6 20. Bxg7 Kxg7 21. fxg5 hxg5 22. Nf3 Qb7 23. Kh2 Kh6 24. Qd2 e5 25. h4 gxh4 26. gxh4 f4 27. e4 Qd7 28. Rg1 Rg8 29. Rg2 Nxh4 30. Nxh4 Rxg2+ 31. Nxg2 Qg4 32. Nexf4 exf4 33. Qxf4+ Qxf4+ 34. Nxf4 Rf8 35. Rf1 Ng6 36. Kg3 Nxf4 37. Rxf4 Rxf4 38. Kxf4 Kg6 39. e5 dxe5+ 40. Kxe5 Kf7 41. Kd6 Ke8 42. Kc6 b5 43. cxb5 axb5 44. Kxb5 Kd7 45. Kxc5 1-0

[Event "Heider City-ch"]
[Site "Heider"]
[Date "2003.04.11"]
[Round "5.9"]
[White "Oldigs, Adolf"]
[Black "Kloppenburg, Reimer"]
[Result "1/2-1/2"]
[WhiteElo "1479"]
[BlackElo "1320"]
[PlyCount "64"]
[EventDate "2003.03.03"]
[EventType "swiss"]
[EventRounds "7"]
[EventCountry "GER"]
[SourceTitle "EXT 2004"]
[Source "ChessBase"]
[SourceDate "2003.11.25"]
[SourceVersion "1"]
[SourceVersionDate "2003.11.25"]
[SourceQuality "1"]

1. e4 c5 2. Bc4 e6 3. Nc3 a6 4. a4 Nc6 5. Nf3 Nf6 6. d3 d6 7. Bg5 Be7 8. 0-0 0-0 9. Re1 Nd7 10. Be3 Nde5 11. Nxe5 Nxe5 12. Bb3 b6 13. d4 Ng6 14. dxc5 bxc5 15. Qe2 Rb8 16. Rad1 Qa5 17. Bd2 Qc7 18. Rb1 Ne5 19. Ba2 Bb7 20. Bf4 Nc6 21. Be3 Nb4 22. Bc4 Bf6 23. f3 Qc6 24. Ra1 a5 25. Bb5 Qc7 26. Red1 Rfd8 27. Bf4 Be7 28. Rd2 Rbc8 29. Rad1 Qb6 30. Be3 Bc6 31. Bxc6 Qxc6 32. Nb5 Qb6 1/2-1/2

[Event "Heide-ch op"]
[Site "Heide"]
[Date "2002.05.03"]
[Round "5"]
[White "Kruse, Martin"]
[Black "Oldigs, Adolf"]
[Result "1-0"]
[WhiteElo "1864"]
[BlackElo "1522"]
[PlyCount "102"]
[EventDate "2002.05.??"]
[EventType "swiss"]
[EventRounds "7"]
[EventCountry "GER"]
[SourceTitle "EXT 2004"]
[Source "ChessBase"]
[SourceDate "2003.11.25"]
[SourceVersion "1"]
[SourceVersionDate "2003.11.25"]
[SourceQuality "1"]

1. d4 d5 2. c4 e6 3. Nc3 c6 4. cxd5 exd5 5. Bf4 Nf6 6. e3 Bb4 7. Bd3 0-0 8. a3 Bd6 9. Nge2 Re8 10. Qc2 Bxf4 11. Nxf4 Nbd7 12. 0-0 Nf8 13. b4 a6 14. a4 Be6 15. b5 a5 16. bxc6 bxc6 17. Rfc1 Re7 18. Rab1 Rb8 19. Nce2 Rxb1 20. Rxb1 Qc7 21. Ba6 Bc8 22. Bxc8 Qxc8 23. Qc5 Rb7 24. Rc1 g5 25. Nh3 h6 26. f3 Rb2 27. Kf2 Qa6 28. Nhg1 g4 29. Qxc6 Qxc6 30. Rxc6 Kg7 31. Ra6 gxf3 32. gxf3 N8d7 33. Rxa5 Ra2 34. Ra6 Nb8 35. Ra8 Nc6 36. Nh3 Nb4 37. Nhf4 Nc6 38. h4 h5 39. Kg1 Ra1+ 40. Kg2 Ra2 41. Kh3 Ra1 42. Ng3 Ne7 43. Ngxh5+ Nxh5 44. Nxh5+ Kh6 45. Rh8+ Kg6 46. Nf4+ Kg7 47. Rh5 Rxa4 48. Rg5+ Kf8 49. Nxd5 Ra5 50. Nxe7 Rxg5 51. hxg5 Kxe7 1-0